| 000 | 00781cam a2200217 a 4500 | ||
|---|---|---|---|
| 020 | _a0803109687 | ||
| 040 | _cDLC | ||
| 082 | 0 | 0 | _a628 AST 1988 A105 Or. |
| 245 | 0 | 0 |
_aGround-water contamination : _bfield methods : a symposium / |
| 260 |
_aPhiladelphia, PA : _bASTM, _cc1988. |
||
| 300 |
_aix, 491 p. : _bill. ; _c24 cm. |
||
| 500 | _a"Papers ... presented at the Symposium on Field Methods for Ground-Water Contamination Studies and Their Standardization"--Foreword. | ||
| 500 | _a"ASTM publication code number (PCN) 04-963000-38." | ||
| 650 | 0 | _aGroundwater | |
| 650 | 0 | _aGroundwater | |
| 700 | 1 | _aCollins, A. Gene. | |
| 700 | 1 | _aJohnson, A. I. | |
| 710 | 2 | _aAmerican Society for Testing and Materials. | |
| 710 | 2 | _aASTM Committee D-18 on Soil and Rock. | |
| 942 | _cEK | ||
| 999 |
_c16152 _d16152 |
||